00325pab a2200133 454500008004000000100001700040245003100057260000900088300000900097362000900106650004400115700001600159773001600175180718b1986 xxu||||| |||| 00| 0 eng d aSawant, G.K. aChanging face of a village c1986 a23-5 aFeb. aRural Development - India - Maharashtra aH.S. Bhoite aKurukshetra